LEADER 01297nam a2200205 i 4500 001 000000243144 003 CaOOAMICUS 005 20150624000000.0 008 150624s1824 it u000 u fre u 013 $a222049 026 $aunn. rela t,il vese (3) 1824 (R) 040 $aSeMil$bita 245 10$aTable générale, alphabétique et raisonnée de toutes les matières traitées dans les 14. volumes de H. de Montargon. On trouvera dans cette tables l'Analyse des quatre-vingt-onze Traités contenus dans ces quatorze volumes ... 300 $a[4], 637, [1] p. 773 0 $aMontargon, Hyacinthe : de$tDictionnaire apostolique, a l'usage de mm. les curés des villes et de la campagne, et de tous ceux qui se destinent à la chaire, par H. de Montargon ... Tome 1. [-15.].$bNouvelle édition.$dA Paris : Chez Méquignon junior, 1822-1824.$g15$w()32091 850 $aSeMil 852 $aSeMil$W1$xVenegono$y1$m3E III 64 FA$j193490$B193490$CSeMilBibl$Z2$F204260 $8I 941 1 $a10 961 $aRecupero: Mantegazza 996 $6245$aTable générale, alphabétique et raisonnée de toutes les matières traitées dans les 14. volumes de H. de Montargon. On trouvera dans cette tables l'Analyse des quatre-vingt-onze Traités contenus dans ces quatorze volumes ...$9(OLS)http://semarc/title/344938 LEADER 01013nam a2200205 i 4500 001 000000208707 003 CaOOAMICUS 005 20111125000000.0 008 111125s1821 it u000 u ita u 013 $a187495 026 $aeio- i,e. ,ela bain (3) 1821 (R) 040 $aSeMil$bita 245 10$aVol. 1. 300 $a[8], 413, [3] p. 490 0 $aEdizione delle opere classiche italiane del secolo 18 773 0 $aMuratori, Ludovico Antonio <1672-1750>$tDella perfetta poesia italiana spiegata e dimostrata con varie osservazioni da Lodovico Antonio Muratori con le annotazioni critiche di Anton Maria Salvini. Volume 1. [-4.].$dMilano : Soc. Tip. dei Classici italiani, 1821.$kEdizione delle opere classiche italiane del secolo 18.$g1$w()25877 830 0$aEdizione delle opere classiche italiane del secolo 18.$0(OLS)http://semarc/title/12449 850 $aSeMil 852 $aSeMil$W1$xVenegono$y1$m1O VI 1 FA$j159161$B159161$CSeMilBibl$Z2$F170227 $8I 996 $6245$aVol. 1$9(OLS)http://semarc/title/13429